| 000 | 00785nam a22002297a 4500 | ||
|---|---|---|---|
| 999 |
_c11968 _d11968 |
||
| 003 | AR-CdUCM | ||
| 008 | 190405b ||||| |||| 00| 0 spa d | ||
| 040 |
_aMUNICIPALIDAD PROVINCIAL DEL CUSCO _cBIBLIOTECA MUNICIPAL DEL CUSCO |
||
| 041 | _hfre | ||
| 082 |
_a780.94 / _bM447 / 1950 |
||
| 100 |
_aMauclair, Camilo _926009 |
||
| 245 | _aHistoria de la música moderna 1850-1914 / | ||
| 260 |
_aBuenos Aires : _bSchapire, _c1950. |
||
| 300 |
_a149 páginas ; _c22 cm. |
||
| 505 | _aContenido: La música alemana -- La música francesa -- la música austrohúngara -- La música rusa | ||
| 650 |
_aMúsica _91443 |
||
| 650 |
_aSiglo XX _98 |
||
| 650 |
_aHistoria y crítica _95993 |
||
| 700 |
_aBorras, Jose M. (traductor) _929604 |
||
| 942 |
_2ddc _cLIBROS |
||
| 945 |
_acmm _d2019-04-05 |
||